Państwa Europy z mniej niż trzema sąsiadami - Statystyki

Ogólne statystyki
  • Ten quiz został rozwiązany 161 razy
  • Średni wynik to 13 z 14
Statystyki odpowiedzi
Odpowiedź % Poprawnych
Portugalia
96%
Watykan
96%
Wielka Brytania
95%
San Marino
94%
Dania
93%
Irlandia
93%
Szwecja
91%
Andora
90%
Liechtenstein
88%
Monako
88%
Islandia
87%
Estonia
83%
Malta
83%
Mołdawia
78%
Nie znaleziono quizów pasujących do podanych kryteriów
Rozkład punktacji
Procent ludzi z każdym wynikiem
Percentyl według liczby udzielonych odpowiedzi
Twoja historia wyników
Nie rozwiązałeś tego quizu